000 00845nas a2200253 4500
001 BR8400675
003 BR-BrBNA
005 20231205085757.0
007 ta
008 230509b bl.|||p| |||| 00| 00por d
040 _aBR-BrBNA
_bpor
_cBiblioteca Nacional de Agricultura
041 _a(Pt)
072 _aM40
100 1 _aMendes, G.N.
245 1 _aEstudo sobre aclimatacao de alevinos de tainha (Mugil curema Valenciennes, 1836)a agua doce
246 1 _a[Study on adaptation of mullet fingerlings (Mugil curema Valenciennes, 1836)to freshwater]
650 _aTAINHA
650 _aECOLOGIA AQUATICA
650 _aACLIMATACAO
650 _aAGUA DOCE
773 0 _tRevista Brasileira de Zoologia (Brazil)
_xISSN 0101-8175
_g(Dec 1983), v. 2(1) p. 13-33
_wBR8400675
909 _a202311
_bLúcia
_c55
_dLúcia Elande
942 _2AGRIS
_n0
_cANA
999 _c113738
_d113738